000 00601nam a22002057a 4500
003 0
005 20240923150031.0
008 240923b xxu||||| |||| 00| 0 eng d
020 _a9781264286423
050 _aQA 150
_b.M66 2022
100 _aMonahan, Chris,
_eauthor.
245 _aAlgebra II :
_breview and workbook /
_cChris Monahan, Laura Favata.
250 _a3rd ed.
260 _aNew York, NY :
_bMcGraw-Hill,
_c2022.
300 _aix, 225 p. :
_bill. ;
_c28 cm.
650 _aAlgebra.
650 _aAlgebra
_xproblems, exercises, etc.
700 _aFavata, Laura,
_eauthor.
942 _2lcc
_cBK
999 _c366362
_d366362